Trí tuệ giả tạo : Internet đã lamf gì chúng ta? = The shallows : what the Internet is doing to our brains

Trình bày những vấn đề cơ bản về tâm lý học thần kinh với những nghiên cứu về bộ não con người, phương thức tư duy, trí nhớ, tác động của Internet tới hoạt động của trí não, yếu tố con người......

Πλήρης περιγραφή

Αποθηκεύτηκε σε:
Λεπτομέρειες βιβλιογραφικής εγγραφής
Κύριος συγγραφέας: Carr, Nicholas
Μορφή: Βιβλίο
Γλώσσα:Undetermined
Έκδοση: Thành phố Hồ Chí Minh Trẻ 2012
Θέματα:
Ετικέτες: Προσθήκη ετικέτας
Δεν υπάρχουν, Καταχωρήστε ετικέτα πρώτοι!
Thư viện lưu trữ: Trung tâm Học liệu Trường Đại học Cần Thơ
LEADER 01100nam a2200229Ia 4500
001 CTU_181164
008 210402s9999 xx 000 0 und d
020 |c 85000 
082 |a 612.8 
082 |b C311 
100 |a Carr, Nicholas 
245 0 |a Trí tuệ giả tạo : 
245 0 |b Internet đã lamf gì chúng ta? = The shallows : what the Internet is doing to our brains 
245 0 |c Nicholas Carr ; Hà Quang Hùng, Linh Giang (dịch) ; Vũ Duy Mẫu (hiệu đính) 
260 |a Thành phố Hồ Chí Minh 
260 |b Trẻ 
260 |c 2012 
520 |a Trình bày những vấn đề cơ bản về tâm lý học thần kinh với những nghiên cứu về bộ não con người, phương thức tư duy, trí nhớ, tác động của Internet tới hoạt động của trí não, yếu tố con người... 
650 |a Internet,Mạng Internet 
650 |x Psychological aspects,Khía cạnh tâm lý 
904 |i Linh,Hải 
980 |a Trung tâm Học liệu Trường Đại học Cần Thơ